vufinder Bibliothèque Municipale de Charleval de Provence
Se connecter
« Retourner aux résultats de recherche

soleil se lève deux fois (Le)

Book Cover
Auteur principal: Soundouss Chraïbi Auteur du texte
Support: Livres
Langue: Francais
Publié: 2026 Editions Gallimard Paris Cedex 07
Genre: Roman
Collection: L'arbalète/Gallimard
Sujets:
Étiquettes: Ajouter
Pas de Tags !

LEADER 01467nam0a2200205 450
001 16848424
010 |a 978-2-07-312144-8  |b br.  |d 21 € 
100 |a 20260210d2026 u u0frey01 ba 
101 0 |a fre 
102 |a FR 
200 0 |a soleil se lève deux fois (Le) 
207 1 |a   
210 |a Paris Cedex 07  |c Editions Gallimard  |d 2026 
215 |a 1 vol. (239 p.)  |d 19 cm 
225 1 |a L'arbalète/Gallimard 
330 |a « Ce sont les silences de tout ce qui n a jamais été dit qui racontent cette histoire. » Quand elle apprend que sa grand-mère, la flamboyante Mama Abla, n a plus que quelques mois à vivre, Layal va s installer chez elle à Tanger, dans la demeure où elle a grandi, pour la veiller jusqu à sa mort, avec sa mère et sa tante. Face au deuil à venir, la jeune femme s interroge sur ses souvenirs d enfance et son incapacité à exister en dehors de ces murs, qui prennent vie et semblent lui répondre. A la veille de sa mort, Mama Abla lui fait promettre d empêcher coûte que coûte que la maison ne soit vendue& Dans ce huis clos féminin hanté par un secret, Soundouss Chraïbi explore les dessous d une société patriarcale, et rend hommage à « toutes les femmes, mortes et oubliées, dont les vSux n ont jamais été respectés ». 
700 0 |a Chraïbi  |b Soundouss  |c Auteur du texte  |4 70 
900 |a Roman 
901 |a Accessible au prêt 
995 |a Bibliothèque  |c Bibliothèque  |f 024026263  |h 024026263  |k R CHR  |o c  |q a  |r az  |e Bibliothèque 

Options de recherche

Historique de recherche
Recherche avancée

Trouver plus

Nouveautés

Besoin d'aide ?

Contacter un bibliothécaire